000 00854cab a2200205 4500
001 X88710
008 090401t1997 xxu||||| |||| 00| 0 eng d
035 _a(Sirsi) u83102
041 _aeng
245 _aTown and country planning
260 _c1997
350 _a0
490 _aEstates Gazette Case Summaries
_v[1997] EGCS 157
520 _a"Bomford Ltd v SoS for the Environment and another" QBD 7 November 1997. Applicant`s business expanding-application for planning permission to expand premises-application refused-inspector refusing appeal-applicant seeking judicial review of inspector`s decision-whether inspector`s decision unreasonable-application dismissed. (Taken from headnote).
650 _aEXPANSION PLANS
650 _aPLANNING PERMISSION
690 _aPLANNING LAW AND PRACTICE-CASE LAW
942 _n0
948 _c14/01/1998
999 _c52495
_d52495